Privatisation in Hungary - two years later.

Charakter privatizačnej politiky maďarskej vlády. Štátom regulovaný privatizačný proces. Privatizačné programy. Súkromné podnikanie. Manažéri štátnych podnikov. Zahraniční investori. Hodnotenie doterajšieho vývoja privatizačného procesu.

Salvato in:
Dettagli Bibliografici
Autore principale: Kiss, Y.
Natura: Capitolo di libro
Lingua:inglese
Soggetti:
Tags: Aggiungi Tag
Nessun Tag, puoi essere il primo ad aggiungerne!!

MARC

LEADER 00000naa a2200000 4500
001 r012003
005 20221213085312.0
041 0 |a eng 
044 |a GB 
245 1 0 |a Privatisation in Hungary - two years later.  |c Y. Kiss 
520 |a Charakter privatizačnej politiky maďarskej vlády. Štátom regulovaný privatizačný proces. Privatizačné programy. Súkromné podnikanie. Manažéri štátnych podnikov. Zahraniční investori. Hodnotenie doterajšieho vývoja privatizačného procesu. 
610 2 0 |a privatizácia 
610 2 0 |a MR 
610 2 0 |a politika hospodárska 
610 2 0 |a štát 
610 2 0 |a podnikanie súkromné 
610 2 0 |a podnik štátny 
610 2 0 |a investície zo zahraničia 
610 2 0 |a 1990-1992 
610 2 0 |a programy vládne 
100 1 |a Kiss, Y.